Los Angeles 2024 Opening Day Roster - Statistics

General Stats
  • This quiz has been taken 5 times
  • The average score is 35 of 53
Answer Stats
# Position Answer % Correct
11 K Cameron Dicker
100%
12 WR Derius Davis
100%
3 S Derwin James Jr.
100%
2 QB Easton Stick
100%
4 RB Gus Edwards
100%
27 RB J.K. Dobbins
100%
76 RT Joe Alt
100%
97 DE Joey Bosa
100%
5 WR Joshua Palmer
100%
10 QB Justin Herbert
100%
52 DE Khalil Mack
100%
30 RB Kimani Vidal
100%
15 WR Ladd McConkey
100%
1 WR Quentin Johnston
100%
70 LT Rashawn Slater
100%
81 TE Will Dissly
100%
75 C Bradley Bozeman
75%
82 WR Brenden Rice
75%
20 CB Cam Hart
75%
6 LB Denzel Perryman
75%
9 WR DJ Chark
75%
22 S Elijah Molden
75%
28 RB Hassan Haskins
75%
88 TE Hayden Hurst
75%
16 P JK Scott
75%
7 CB Kristian Fulton
75%
29 CB Tarheeb Still
75%
8 QB Taylor Heinicke
75%
77 LG Zion Johnson
75%
32 S Alohi Gilman
50%
26 CB Asante Samuel Jr.
50%
48 DE Bud Dupree
50%
0 LB Daiyan Henley
50%
33 CB Deane Leonard
50%
68 RG Jamaree Salyer
50%
36 CB Ja'Sir Taylor
50%
25 LB Junior Colson
50%
56 DT Morgan Fox
50%
95 DT Poona Ford
50%
44 FB Scott Matlock
50%
87 WR Simi Fehoko
50%
84 TE Stone Smartt
50%
79 RG Trey Pipkins III
50%
43 LB Troy Dye
50%
45 DE Tuli Tuipulotu
50%
71 LG Jordan McFadden
25%
47 LS Josh Harris
25%
92 DT Justin Eboigbe
25%
93 DT Otito Ogbonnia
25%
90 DT Teair Tart
25%
24 S AJ Finley
0%
64 C Brenden Jaimes
0%
73 LT Foster Sarell
0%
No matching quizzes found
Score Distribution
Percent of People with Each Score
Percentile by Number Answered
Your Score History
You have not taken this quiz